| 000 | 00000nam##2200000za#4500 |
| 001 | 9.699020 |
| 003 | CaOODSP |
| 005 | 20210625000207 |
| 007 | cr ||||||||||| |
| 008 | 150407|1998||||xxc|||||o f|0| 0 eng|d |
| 040 | |aCaOODSP|beng |
| 043 | |an-cn--- |
| 086 | 1 |aF1-23/1998-6E-PDF |
| 110 | 1 |aCanada. |bDepartment of Finance. |
| 245 | 10|aInformation, Budget 1998 |h[electronic resource] |
| 260 | |aOttawa - Ontario : |bFinance Canada |cc1998. |
| 300 | |a22p.|bgraphs |
| 500 | |aThe Cat No. (F1-23/1998-6E) and ISBN (0-662-26571-8) for the print edition have been incorrectly copied in the PDF edition. |
| 590 | |a14-06-Supp|b2014-03-21 |
| 775 | 08|tInformation, Budget de 1998 |w(CaOODSP)9.642989 |
| 856 | 40|ahttp://publications.gc.ca|qPDF|s127 KB|uhttps://publications.gc.ca/collections/Collection-R/Finance/Budget98/facte.pdf |